000 00589nam a2200193Ia 4500
003 GCL
008 140319s9999 xx 000 0 ara d
040 _aGCL /
_cGCL
082 0 4 _a921.1
_bس ع
100 1 _aسامى الدهان
245 1 0 _aعبدالرحمن الكواكبى /
_cسامى الدهان
260 _a[S.N] :
_bدار المعارف ،
_c1984
300 _a123 ص
490 _aنوابغ الفكر العربى
_v0
650 0 4 _aالاسلام
650 0 4 _aالفلاسفة المسلمون
650 0 4 _aعبدالرحمن الكواكبى
942 _2ddc
_cBK
999 _c28449
_d28449